000 00225nam a22000857a 4500
008 160915b xxu||||| |||| 00| 0 eng d
100 _9531
_aWadhwa.K.
245 _aMathematics Lab-6
260 _aNew Delhi
_bDhanput publications
_c2012
999 _c3188
_d3188